Statistics for Bubly Flavours

Click here to take the quiz!

General Stats

  • This quiz has been taken 6 times
  • The average score is 10 of 15

Answer Stats

Answer% Correct
blackberry
100%
cherry
100%
raspberry
100%
lime
83%
pineapple
83%
strawberry
83%
apple
67%
grapefruit
67%
lemon
67%
orange
67%
peach
67%
mango
50%
watermelon
33%
cranberry
17%
just
17%

Score Distribution

Percentile by Number Answered

Percent of People with Each Score

Your Score History

You have not taken this quiz